Silniční doprava měsíčník pro technické, technologické a ekonomické otázky automobilové a městské dopravy a silničního hospodářství

Bibliographic Details
Previous Title:Doprava. Oddíl A
Format: Journal
Language:Czech
PhysicalDescription:35 cm
Published: Praha Nadas 1957-[1974]

MARC

LEADER 00000cas a2200000 a 4500
001 vtls008883068
003 SK-MaSNL
005 20260221115840.0
008 020815d19571974xr mr p r 0 0 b0cze c
035 |a (SVKBB03)vtls000122627 
040 |a ŠVK Banská Bystrica  |b slo  |c ŠVK Banská Bystrica  |d SNK  |e AACR2 
041 0 |a cze 
044 |a xr  |c CZ 
080 |a 625.7(05) 
245 0 0 |a Silniční doprava  |b měsíčník pro technické, technologické a ekonomické otázky automobilové a městské dopravy a silničního hospodářství 
247 1 0 |a Silnice 
260 |a Praha  |b Nadas  |c 1957-[1974] 
300 |c 35 cm 
310 |a 1x mesačne 
362 0 |a Roč. 5 (1957) - [roč. 22 (1974)] 
780 0 0 |t Doprava. Oddíl A 
852 |a Štátna vedecká knižnica v Banskej Bystrici 
910 |a snk 
999 |c 5380  |d 7310 
952 |0 0  |1 1  |4 0  |7 0  |a SNK  |b SNK  |d 2011-08-05  |i snkČIP 456/65  |l 0  |o snkČB 1503/12/1964  |p 17A0708526  |r 2026-02-21 20:14:34  |t č. 1-12  |w 2026-02-21  |y PREZ 
952 |0 0  |1 1  |4 0  |7 0  |a SNK  |b SNK  |d 2011-08-05  |i snkČIP 2301/68  |l 0  |o snkČB 1503/15/1967  |p 17A0708593  |r 2026-02-21 20:14:34  |t č. 1-12  |w 2026-02-21  |y PREZ